000 01002nam a22002537a 4500
005 20110913152830.0
008 110913t xxu||||| |||| 00| 0 mar d
010 _aMAR-21393
020 _c60.00
035 _aMR-14051
037 _bDBAD/PUB
040 _aDPL
_bMR
082 _a920
100 _934729
_aसुराणा,पन्नालाल
245 _aबुलंद आवाज बाईचा /
_cपन्नालाल सुराणा
246 _aBuland Awaj Baicha
_bby Pannalal Surana
260 _aपुणे
_bसाधना प्रकाशन
_c2010
270 _bपुणे
_a926,सदाशिव पेठ,
_e411030
300 _a119पृ.
_c21सेमी(अजिल्द)
650 _aजीवनचरित्र
_934944
650 _aBiography
_934945
942 _2ddc
_cMR
_mदंडव
_h920
999 _c57079
_d57079